000 00430nam a2200169 a 4500
001 31866
005 20180713235352.0
008 140415s2008 mx 000 0 spa d
020 _a9789708171816
041 _aspa
082 _a510
_bHOY
100 1 _aSANCHEZ SANCHEZ, ERNESTO ALONSO
245 1 0 _aMATEMATICAS 3
250 _a1a ed.ICIÓN
260 _aMEXICO :
_bPATRIA,
_c2008
300 _a61
_c20 x 1 x 28
999 _c31866
_d31866